Géographie - Les affluents de la Dordogne - Statistiques

Statistiques générales
  • Ce quiz a été pris 5 fois
  • Le résultat moyen est 4 sur 14
Statistiques - réponses
Rive Initiale Réponse % Correct
Droite C Chavanon
100%
Gauche R Rhue
100%
Droite D Diège
75%
Droite T Triouzoune
75%
Gauche B Burande
0%
Droite D Dognon
0%
Gauche L Labiou
0%
Droite L Lys
0%
Gauche M Mortagne
0%
Droite PA Pont-Aubert
0%
Gauche R Rigaud
0%
Droite RdlA Ruisseau de l'Artaude
0%
Gauche S Sumène
0%
Gauche T Tialle
0%
Aucun quiz correspondant
Distribution des résultats
% des personnes avec chaque résultat
Percentile par nombre de réponses
Votre historique - résultats
Vous n’avez pas pris ce quiz